000 01167nam a22001937a 4500
003 OSt
005 20251116162615.0
008 251116b |||||||| |||| 00| 0 eng d
040 _cDCL
082 _a၂၉၄.၃၈၂၃၅၃
130 _aတိပိဋက။
_pသုတ္တန္တပိဋက။
_pခုဒ္ဒကနိကာယ။
_tဇာတက၊ ပါဌဇာတ်၊
_lပါဠိတော်၊
_sနိဿယ။
245 _aပါဌဇာတ်ပါဠိတော်နိဿယ၊
_nဧကာဒသနိပါတ်၊ တိံသနိပါတ် /
_cအသျှင်ဇာဂရမထေရ်။
264 _aမန္တလေး ၊
_bမန္တလေးတောင် ပိဋကတ်တော်စာပုံနှိပ်တိုက်၊
_c၁၉၃၆။
300 _a[၁၆၄ ] စာမျက်နှာ ၊
_c၂၅ စင်တီ။
650 _aဇာတက
_vပါဠိတော်နိဿယ။
650 _aပါဌဇာတ်
_vပါဠိတော်နိဿယ။
700 _aဇာဂရမထေရ်၊ အသျှင်
942 _2ddc
_cSHORT TERM
_n0
999 _c2481
_d2481